Efectos tecnológicos sobre índices de producción de pollos parrilleros en Entre Ríos /
Guardado en:
| Autor Principal: | |
|---|---|
| Otros Autores: | , |
| Formato: | Libro |
| Idioma: | Spanish |
| Materias: | |
| Etiquetas: |
Agregar Etiqueta
Sin Etiquetas, Sea el primero en etiquetar este registro!
|
| LEADER | 00710nam a22002175a 4500 | ||
|---|---|---|---|
| 001 | EEA.libagro005306 | ||
| 005 | 20180912112139.0 | ||
| 008 | 130809s1995####ag#a##########000#0#spa#d | ||
| 082 | 0 | 4 | |a 338.176513 |
| 082 | 0 | 4 | |a 338.16 |
| 100 | 1 | |a Lamelas, Karina F. | |
| 245 | 1 | 0 | |a Efectos tecnológicos sobre índices de producción de pollos parrilleros en Entre Ríos / |c Karina F. Lamelas, Miguel Campos, Marcelo J. Schang. |
| 300 | |a 21 h. : |b ilus. ; |c 30 cm. | ||
| 653 | |a Argentina | ||
| 653 | |a Avicultura | ||
| 653 | |a Aves de corral | ||
| 653 | |a Pollo de engorde | ||
| 653 | |a Carne de pollo | ||
| 700 | 1 | |a Campos, Miguel. | |
| 700 | 1 | |a Schang, Marcelo J. | |
| 859 | |a AR-BbBCA |b BIB. AGRONOMIA |h 338.176513 |i L228 |p 1996/2603 | ||
